=LDR 00000nam 2200000 4500 =001 INLIS000000000036231 =005 20130612142029 =008 ***********************************Ind** =035 ##$$0010-061300000036231 =041 ##$$a Ind =082 ##$$a F =090 ##$$a F.Rom.K, Aka l =100 ##$$a Akamatsu, Ken =245 ##$$a Love Hina 14 vol 14, Ken Akamatsu =260 ##$$a 2002 $b Jakarta =300 ##$$a 188 hlm, ilus, 15 cm =650 ##$$a Fiksi Dewasa =850 ##$$a NBPNMAT =990 ##$$a 75167516 =990 ##$$a 01201807516